000 00646nam a2200205Ii 4500
003 JO-AjNU
008 230605s9999||||xx |||||||||||||| ||und||
040 _aJO-AjNU
_bara
_erda
_cJO-AjNU
041 _aara
050 1 4 _aBP130.58 2005
100 3 _aموسى، محمد,
_eauthor
_910274
245 0 0 _a100 قصص بكاء الصالحين من خشية الله
250 _aط1
264 3 1 _aعمان: دار الوضاح، دار الاسراء، 2005
300 _a80ص
336 _atext
_btxt
_2rdacontent
337 _aunmediated
_bn
_2rdamedia
338 _avolume
_bnc
_2rdacarrier
650 4 _aالصالحين - الاسلام
_910275
999 _aA1723
_c5291
_d5291